| 000 | 01275cam a2200289 4500 | ||
|---|---|---|---|
| 008 | 010726n2003 000 0 eng u | ||
| 020 | _a1904388183 | ||
| 035 | _a(Sirsi) u123297 | ||
| 041 | _aeng | ||
| 050 |
_a336.271 _c18 |
||
| 100 | _aJohnson, Tony | ||
| 245 | _aVAT on land and buildings: a CPD study pack | ||
| 250 | _a6th | ||
| 260 |
_aOxford _bCollege of Estate Management _c2003 |
||
| 300 | _a29p. ; 30cm. | ||
| 350 | _a27 | ||
| 490 | _aCollege of Estate Management CPD Study Pack | ||
| 520 | _aThis pack offers an update on the complex and changing topic of Value Added Tax, particularly as far as it affects transactions of land and buildings. It gives a working outline of the principles underlying this tax concept, together with case studies covering the impact of the most recent financial legislation affecting VAT. [CEM] | ||
| 520 | _aPlease note that the Owlion tape which accompanied the fifth edition has been withdrawn for this sixth edition | ||
| 520 | _aWithdrawn September 2007. Supersedes fifth edition (ISBN 189976934X). | ||
| 650 | _aVALUE ADDED TAX | ||
| 690 | _aTAXATION | ||
| 700 | _aJohnson, Tony | ||
| 710 |
_aCollege of Estate Management _9400 |
||
| 710 |
_aRoyal Institution of Chartered Surveyors _94900 |
||
| 942 | _n0 | ||
| 999 |
_c103020 _d103020 |
||